Statistics for Countries Containing consecutive Letters UA

Click here to take the quiz!

General Stats

  • This quiz has been taken 47 times
  • The average score is 4 of 10

Answer Stats

Answer% Correct
Guatemala
66%
Paraguay
63%
Uruguay
63%
Nicaragua
46%
Ecuador
40%
Antigua and Barbuda
37%
Papua New Guinea
34%
Vanuatu
29%
Equatorial Guinea
23%
Lithuania
17%

Score Distribution

Percentile by Number Answered

Percent of People with Each Score

Your Score History

You have not taken this quiz